Определение иода в пищевых добавках электрохимическими методами; Химия и химическая технология в XXI веке

Бібліографічні деталі
Parent link:Химия и химическая технология в XXI веке.— 2003.— С. 75-76
Автор: Есауленко Я. В.
Інші автори: Захарова Э. А. (научный руководитель), Дубова Н. М.
Мова:Російська
Опубліковано: 2003
Предмети:
Формат: Частина з книги
KOHA link:https://koha.lib.tpu.ru/cgi-bin/koha/opac-detail.pl?biblionumber=229923

MARC

LEADER 00000naa2a2200000 4500
001 229923
005 20231031202450.0
035 |a (RuTPU)RU\TPU\book\250583 
090 |a 229923 
100 |a 20130116d2003 k y0rusy50 ca 
101 0 |a rus 
102 |a RU 
200 1 |a Определение иода в пищевых добавках электрохимическими методами  |f Я. В. Есауленко  |g науч. рук. Э. А. Захарова ; науч. рук. Н. М. Дубова 
463 0 |0 (RuTPU)RU\TPU\book\84423  |t Химия и химическая технология в XXI веке  |o тезисы IV Всероссийской студенческой научно-практической конференции, 13-14 мая 2003, Томск  |f ТПУ  |v С. 75-76  |d 2003   |p 148 с. 
610 1 |a иод 
610 1 |a пищевые добавки 
610 1 |a определение 
610 1 |a электрохимический метод 
610 1 |a труды учёных ТПУ 
700 1 |a Есауленко  |b Я. В. 
702 1 |a Захарова  |b Э. А.  |4 727 
702 1 |a Дубова  |b Н. М.  |4 727 
801 1 |a RU  |b 63413507  |c 20130116 
942 |c BK